[Event "SVK-chT2 4th Bs2 corr"]
[Site "Slovakia"]
[Date "2000.??.??"]
[Round "7"]
[White "Borsky, Gabriel"]
[Black "Sprusansky, Ferdinand"]
[Result "1/2-1/2"]
[WhiteElo "1968"]
[BlackElo "1403"]
[PlyCount "56"]
[EventDate "2000.03.15"]
[EventType "team (corr)"]
[EventRounds "10"]
[EventCountry "SVK"]
[SourceTitle "Corr 2002"]
[Source "ChessBase"]
[SourceDate "2002.05.23"]
[SourceVersion "1"]
[SourceVersionDate "2002.05.23"]
[SourceQuality "1"]

1. e4 e5 2. Nc3 Nf6 3. Bc4 Bc5 4. Nf3 Nc6 5. d3 d6 6. Bg5 h6 7. Bxf6 Qxf6 8. Nd5 Qd8 9. c3 0-0 10. b4 Bb6 11. a4 a6 12. Nxb6 cxb6 13. b5 Na5 14. Bd5 Rb8 15. d4 Re8 16. dxe5 dxe5 17. Nxe5 Be6 18. Bxe6 Rxe6 19. f4 f6 20. Ng6 Rxe4+ 21. Kf2 Qxd1 22. Rhxd1 Rbe8 23. Re1 Nb3 24. Rxe4 Rxe4 25. bxa6 bxa6 26. Rb1 Nc5 27. Rxb6 Nd3+ 28. Kf3 Rxa4 1/2-1/2